Making the most of density (Record no. 74737)

MARC details
000 -LEADER
fixed length control field 01384cab a2200217 4500
001 - CONTROL NUMBER
control field ABS68639
008 - FIXED-LENGTH DATA ELEMENTS--GENERAL INFORMATION
fixed length control field 050124n2005 000 0 eng u
035 ## - SYSTEM CONTROL NUMBER
System control number (Sirsi) u128577
100 ## - MAIN ENTRY--PERSONAL NAME
Personal name Clarke, P.
245 ## - TITLE STATEMENT
Title Making the most of density
260 ## - PUBLICATION, DISTRIBUTION, ETC.
Date of publication, distribution, etc. 2005
490 ## - SERIES STATEMENT
Series statement Planning (for the Natural and Built Environment)
Volume/sequential designation (1601) 7 January 2005, 16(1)
520 ## - SUMMARY, ETC.
Summary, etc. Sees density as a key variable in the delivery of sustainable communities but questions how well its contribution at different spatial scales is understood and how it relates to other policy and development considerations. The density issue is important because land resources must be used prudently, communities need to have enough critical mass to support local facilities and density should be tied to the accessibility of local facilities and public transport. Focuses on the German infrastructure led approach developed in Freiburg. Concludes that the greatest barrier to delivering sustainable communities is the public's antipathy to new housing and that development models must be created, which are capable of providing many additional homes efficiently and in long-term sustainable forms.
590 ## - LOCAL NOTE (RLIN)
Local note ABS
650 ## - SUBJECT ADDED ENTRY--TOPICAL TERM
Topical term or geographic name entry element HIGH DENSITY HOUSING
650 ## - SUBJECT ADDED ENTRY--TOPICAL TERM
Topical term or geographic name entry element HIGH DENSITY DEVELOPMENT
650 ## - SUBJECT ADDED ENTRY--TOPICAL TERM
Topical term or geographic name entry element SUSTAINABLE COMMUNITIES
650 ## - SUBJECT ADDED ENTRY--TOPICAL TERM
Topical term or geographic name entry element LAND RESOURCE
690 ## - LOCAL SUBJECT ADDED ENTRY--TOPICAL TERM (OCLC, RLIN)
Topical term or geographic name as entry element HOUSING-DEVELOPMENT
942 ## - ADDED ENTRY ELEMENTS (KOHA)
Suppress in OPAC 0
Holdings
Withdrawn status Lost status Source of classification or shelving scheme Damaged status Not for loan Home library Current library Shelving location Date acquired Total Checkouts Full call number Barcode Date last seen Copy number Price effective from Koha item type
    Dewey Decimal Classification     London London Journal article 24/01/2005   ABS68639 128577-1001 06/08/2019 1 06/08/2019 Journal article